Vocabulario lacaniano /
Guardado en:
| Autor Principal: | |
|---|---|
| Formato: | Libro |
| Publicado: |
Buenos Aires :
Helguero,
1985
|
| Etiquetas: |
Agregar Etiqueta
Sin Etiquetas, Sea el primero en etiquetar este registro!
|
| LEADER | 00394nam a22001455a 4500 | ||
|---|---|---|---|
| 001 | EHU.bham029068 | ||
| 003 | AR-BHAM | ||
| 005 | 20060927134107.0 | ||
| 008 | 130507s1985##################000#0#####d | ||
| 082 | C | 1 | |a 131.34 |
| 100 | 1 | |a Vallejo, Americo | |
| 245 | 1 | 0 | |a Vocabulario lacaniano / |c Americo Vallejo |
| 260 | |a Buenos Aires : |b Helguero, |c 1985 | ||
| 300 | |a 161 p. | ||
| 859 | |a AR-BHAM |h 131.34 |i V243 |k C |p 141.91 |t Ej.1 | ||
